000 00500nam a2200181Ia 4500
999 _c16225
_d16225
003 OSt
005 20200606115901.0
008 190216s9999||||xx |||||||||||||| ||und||
020 _a8188377082
040 _cMESKC library
082 _a891.431
_bVAN/D
100 _aVanshi, Baldev
_9333
245 0 _aDoha Kosh /
_cBaldev Vanshi
260 _bArrow Publications,
_aDelhi:
_c2005.
300 _a248p
650 _aHindi
942 _cBK
_2ddc
_h891.431
_iVAN/D
_k891.431
_mVAN/D